000 01453nam a22001457a 4500
999 _c525077
_d525077
008 240209b ||||| |||| 00| 0 eng d
100 _aSridhar, Kala Seetharam
_949782
245 _aIs your city too big? Causes of urban primacy in India
260 _aEnvironment and Urbanization ASIA
300 _a14(2, Sep, 2023: p.188-202
520 _aIn this article, we examine the degree of urban primacy and understand what explains urban primacy in the Indian states. We estimated Zipf’s law for Indian states for 2001 and 2011. We then regressed the urban population in the largest city in each state as dependent on various factors. We find Kerala had the least primacy as of 2011, whereby its biggest city contained only 5% of its urban population. Based on the second-stage regression, we find that the state per capita income, population and length of railways have a significantly negative effect on primacy, while MSME employment increases it. We examine the highway network in selected states characterized by severe primacy and find a major problem with national transport priorities. The policy implications are for improving the national highway network and rail routes in the states to increase MSME employment and increase state income to reduce primacy. – Reproduced https://journals.sagepub.com/doi/abs/10.1177/09754253231193129
773 _aEnvironment and Urbanization ASIA
906 _aURBAN DEVELOPMENT
942 _cAR